Sports Quiz

Random Sports or WWE Quiz

WWE Power 25 26/11/11 Quiz Stats

 Plays Quiz not verified by Sporcle

Challenge
Share
Tweet
Embed
Score 0/25 Timer 03:00
0 Plays Today
Place Wrestler % Correct
1CM Punk
99%
3Mark Henry
96.9%
4John Cena
93.9%
2Big Show
92.9%
7Alberto Del Rio
91.8%
15Dolph Ziggler
87.8%
16Kevin Nash
87.8%
10Daniel Bryan
85.7%
8Randy Orton
83.7%
14Cody Rhodes
83.7%
9Beth Phoenix
81.6%
5Wade Barrett
75.5%
6Sheamus
72.4%
Place Wrestler % Correct
11Zack Ryder
67.3%
17Air Boom
65.3%
12The Miz
63.3%
25Kelly Kelly
60.2%
21Eve
56.1%
20Hunico
52%
22John Morrison
49%
18Alicia Fox
46.9%
19Ted Dibiase
45.9%
23Natalya
39.8%
13Mason Ryan
33.7%
24Jinder Mahal
13.3%

You're not logged in!

Compare scores with friends on all Sporcle quizzes.
Join for Free
OR
Log In

You Might Also Like...

Show Comments

Extras

Top Quizzes Today


Score Distribution

Your Account Isn't Verified!

In order to create a playlist on Sporcle, you need to verify the email address you used during registration. Go to your Sporcle Settings to finish the process.

Report this User

Report this user for behavior that violates our Community Guidelines.

Details: